| 000 | 00456cam a22001934a 4500 | ||
|---|---|---|---|
| 005 | 20250605164224.0 | ||
| 008 | 250528s ||||||||||||||||||||||||d | ||
| 035 | _a20776 | ||
| 020 | _a863771386 | ||
| 040 |
_aGR-AtMCL _bgre _dGR-AtMCL _eAACR2 |
||
| 245 | 1 | _aINTRODUCTION TO PSYCHOLOGY VOLUME 1 | |
| 250 | _a1 | ||
| 260 |
_bPsychology Press, _c1990 |
||
| 300 | _a472 | ||
| 700 | 1 |
_aRoth Ilona _96741 |
|
| 942 | _cBK | ||
| 999 |
_c5859 _d5859 |
||